000 00463nam a2200181Ia 4500
001 20458
005 20260306172807.0
008 260306t1995||||xx |||||||||||||| ||spa||
041 _aESP
082 _a342.211
_bG96
100 _aGutiérrez Camacho, Walter
_eAUT
245 0 _aDerechos humanos:
_binstrumentos internacionales y teoría
260 _c1995
300 _a672 páginas :
_c23 cm.
650 _aGEN
654 _aCDE
942 _cLIB
_dJUS
_fJUS
_2ddc
_n
999 _c20458
_d20458